• 首页
  • 本馆介绍
  • 公告通知
  • 最新文献
  • 馆藏检索
  • 电子资源
  • 读者导购
  • 参考咨询
  • 我的图书馆
  • 登录
  • 详细信息显示
  • 放入我的书架
  • 预约/预借图书
  • 作者相关作品
  • 分类相关作品
  • 丛书相关作品
  • 出版社相关作品

书目信息

  • 表格格式
  • 工作单格式
  • 卡片格式
题名:
市场营销学
    
 
作者: 殷博益 主编
分册:  
出版信息: 南京   东南大学出版社  2018.01
页数: 484页
开本: 26cm
丛书名: 21世纪经济与管理精品丛书
单 册:
中图分类: F713.50
科图分类:
主题词: 市场营销学
电子资源:
ISBN: 978-7-5641-7506-1
000 00970oam2 2200277 450
001 1159
005 20180929082940.78
010    @a978-7-5641-7506-1@dCNY58.00
100    @a20180217d2018 em y0chiy50 ea
101 0  @achi
102    @aCN@b320000
105    @ay z 000yy
200 1  @a市场营销学@9shi chang ying xiao xue@f殷博益主编
205    @a3版
210    @a南京@c东南大学出版社@d2018.01
215    @a484页@d26cm
225 1  @a21世纪经济与管理精品丛书
312    @a封面英文题名:Marketing
330    @a本书特别注重吸收近年来海内外营销领域的最新研究成果,如全面营销、体验营销、文化营销、网络调研、动态定价、交叉销售、搜索引擎营销及市场客户管理等方面的内容。全书共分18章,介绍了市场营销学的基本原理、战略思维与运作策略。
461  0 @12001 @a21世纪经济与管理精品丛书
510 1  @aMarketing@zeng
606 0  @a市场营销学
690    @aF713.50@v5
701  0 @a殷博益@9yin bo yi@4主编
801  0 @aCN@b91MARC@c20180217
905    @aMuseLib@dF713.50@e1077=3
    
    市场营销学/殷博益主编.-3版.-南京:东南大学出版社,2018.01
    484页;26cm.-(21世纪经济与管理精品丛书)
    
    
    ISBN 978-7-5641-7506-1:CNY58.00
    本书特别注重吸收近年来海内外营销领域的最新研究成果,如全面营销、体验营销、文化营销、网络调研、动态定价、交叉销售、搜索引擎营销及市场客户管理等方面的内容。全书共分18章,介绍了市场营销学的基本原理、战略思维与运作策略。
●
相关链接 在E读中查询图书 在五车中查询图书 在当当中查询图书 在豆瓣中查询图书


正题名:市场营销学     索取号:F713.50/1077=3         预约/预借

序号 登录号 条形码 馆藏地/架位号 状态 备注
1 1121454   211214540   第一样本阅览室/ [索取号:F713.50/1077=3] 在馆    
2 1121455   211214559   第一借阅区/ [索取号:F713.50/1077=3] 在馆    
3 1121456   211214568   第一借阅区/ [索取号:F713.50/1077=3] 在馆    
4 1121457   211214577   密集书库-资源管理系/ [索取号:F713.50/1077=3] 在馆    
5 1121458   211214586   第一借阅区/ [索取号:F713.50/1077=3] 在馆    
唐山师范学院图书馆 欢迎您!
大连网信软件有限公司© 版权所有